000 00758nam a22002297a 4500
003 UA-OsUOA
001 67752
007 ta
008 20100310b un ||||| |||| 00| 0 ukr d
090 _a343.13
_bД50
942 _cBK
040 _aUA-OsUOA
_brus
_cUA-OsUOA
_dUA-OsUOA
245 _aДифференциация ответственности и вопросы юридической техники в уголовном праве и процесе
_bСборник научных статей
300 _a140 с.
955 _a2
041 _arus
080 _a343.13
020 _a5-8397-0128-9
260 _aЯрославль
_c2001
650 7 _a343 Кримінальне право. Карні порушення
_2UDC
999 _c353875
_d353875